000
00302nam a22001457a 4500
008
221110b ||||| |||| 00| 0 eng d
020
_a
0394730577
041
_a
eng
080
_a
7
082
_a
7 HES
100
_a
21.1
101
_a
ART
245
_a
HOW PICTURES MEAN
_c
HESS H
942
_2
udc
_c
BK
999
_c
58850
_d
58850